| 000 | 00463nam a22001577a 4500 | ||
|---|---|---|---|
| 999 |
_c3067 _d3067 |
||
| 003 | OSt | ||
| 005 | 20181023181023.0 | ||
| 008 | 181023b ||||| |||| 00| 0 eng d | ||
| 040 | _cDLC | ||
| 082 |
_a821 _bB293S |
||
| 245 |
_aSongs Of Deliverance / _cEdited By Cheryl Johnson Barton. |
||
| 260 |
_aIndiana, USA : _bMissionary Board Of The Church Of God, _cc1995. |
||
| 300 | _a36 p.: | ||
| 650 | _aInternational Testimonies Of The Lord's Goodness. | ||
| 942 |
_2ddc _cBK |
||